Sportifs Français champions du monde, d'Europe ou JO (difficile) - Statistiques

Statistiques générales
  • Ce quiz a été pris 403 fois
  • Le résultat moyen est 9 sur 16
Statistiques - réponses
Par images Réponse % Correct
Laure Manaudou
94%
Nabil Fékir
91%
Tony Yoka
87%
Nicolas Batum
82%
Camille Lacourt
81%
Thierry Omeyer
76%
Yohann Diniz
76%
Pascal Martinot-Lagarde
59%
Quentin Fillon Maillet
58%
Perrine Laffont
51%
Mahiedine Mekhissi
48%
André le Géant
29%
Steven Da Costa
26%
Alain Mimoun
25%
Pierre Vaultier
12%
Michel Robert
1%
Aucun quiz correspondant
Distribution des résultats
% des personnes avec chaque résultat
Percentile par nombre de réponses
Votre historique - résultats
Vous n’avez pas pris ce quiz